Himpunan kisah-kisah jin, iblis & syaitan / (Record no. 996)

000 -LEADER
fixed length control field nam a22 a 4500
003 - CONTROL NUMBER IDENTIFIER
control field AKMAL
005 - DATE AND TIME OF LATEST TRANSACTION
control field 20170508103056.0
008 - FIXED-LENGTH DATA ELEMENTS--GENERAL INFORMATION
fixed length control field 17050 s1997 my 00 may d
020 ## - INTERNATIONAL STANDARD BOOK NUMBER
International Standard Book Number 9830461556 (kkt.):
Terms of availability RM 10.00 : jilid 2
020 ## - INTERNATIONAL STANDARD BOOK NUMBER
International Standard Book Number 983046282X (kkt.):
Terms of availability RM 10.00 : jilid 3
040 ## - CATALOGING SOURCE
Original cataloging agency AKMAL
Transcribing agency AKMAL
049 ## - LOCAL HOLDINGS (OCLC)
Holding library mal
082 04 - DEWEY DECIMAL CLASSIFICATION NUMBER
Classification number 297.217 MIS
090 ## - LOCALLY ASSIGNED LC-TYPE CALL NUMBER (OCLC); LOCAL CALL NUMBER (RLIN)
Classification number (OCLC) (R) ; Classification number, CALL (RLIN) (NR) 297.217
Local cutter number (OCLC) ; Book number/undivided call number, CALL (RLIN) MIS
090 20 - LOCALLY ASSIGNED LC-TYPE CALL NUMBER (OCLC); LOCAL CALL NUMBER (RLIN)
Classification number (OCLC) (R) ; Classification number, CALL (RLIN) (NR) 297.217
Local cutter number (OCLC) ; Book number/undivided call number, CALL (RLIN) MIS
245 10 - TITLE STATEMENT
Title Himpunan kisah-kisah jin, iblis & syaitan /
Statement of responsibility, etc. susunan Muhammad Isa Selamat
260 ## - PUBLICATION, DISTRIBUTION, ETC.
Place of publication, distribution, etc. Kuala Lumpur :
Name of publisher, distributor, etc. Darul Nu'man,
Date of publication, distribution, etc. 1997
300 ## - PHYSICAL DESCRIPTION
Extent viii, 254ms. ;
Dimensions 21cm
440 ## - SERIES STATEMENT/ADDED ENTRY--TITLE
Title 2002 misteri ;
Volume/sequential designation siri 2
9 (RLIN) 2095
500 ## - GENERAL NOTE
General note Mengandungi ayat-ayat dari Quran
650 ## - SUBJECT ADDED ENTRY--TOPICAL TERM
Topical term or geographic name entry element Jinn
9 (RLIN) 2032
650 ## - SUBJECT ADDED ENTRY--TOPICAL TERM
Topical term or geographic name entry element Devil
General subdivision Islam
9 (RLIN) 1962
650 ## - SUBJECT ADDED ENTRY--TOPICAL TERM
Topical term or geographic name entry element Spirits (Islam)
9 (RLIN) 1929
700 0# - ADDED ENTRY--PERSONAL NAME
Personal name Muhammad Isa Selamat
9 (RLIN) 1930
942 ## - ADDED ENTRY ELEMENTS (KOHA)
Source of classification or shelving scheme
Koha item type Book
Holdings
Withdrawn status Lost status Source of classification or shelving scheme Damaged status Not for loan Collection code Home library Current library Date acquired Inventory number Total Checkouts Full call number Barcode Date last seen Price effective from Koha item type
          NON-FICTION AKMAL Melaka AKMAL Melaka 08.05.2017 200884   297.217 MIS 201702004 08.05.2017 08.05.2017 Book
Pusat Sumber Maklumat Dato' Haji Sarmin Md Hussin, Akademi Kastam Diraja Malaysia, Melaka
Tel: 06-2331106 | Faks: 06-2313787